Normal view
MARC view
- تأليف الإيراني، محمود سيف الدين
Entry Personal Name
001 - CONTROL NUMBER
- control field: 46212
003 - CONTROL NUMBER IDENTIFIER
- control field: JO-AjAnu
005 - DATE AND TIME OF LATEST TRANSACTION
- control field: 20230606081634.0
008 - FIXED-LENGTH DATA ELEMENTS
- fixed length control field: 230606|| aca||aabn | a|a d
040 ## - CATALOGING SOURCE
- Original cataloging agency: JO-AjAnu
- Transcribing agency: JO-AjAnu
100 ## - HEADING--PERSONAL NAME
- Personal name: تأليف الإيراني، محمود سيف الدين
670 ## - SOURCE DATA FOUND
- Source citation: Work cat.: (JO-AjAnu)23655: تأليف الإيراني، محمود سيف الدين, author, محمود سيف الدين الإيراني الأعمال الأدبية الكاملة في ثلاثة مجلدات، المجلد الثاني